banner-ar

اعظم استعراض فوق الارض : (Record no. 63382)

MARC details
000 -الفاتح
حقل البيانات ثابتة الطول 01343nam a22003497a 4500
005 - وقت وتاريخ اخر تعامل مع التسجيلة
رقم الضبط 20240530110638.0
008 - عناصر البيانات ثابتة الطول - معلومات عامة
حقل البيانات ثابتة الطول 170710s2014 ua a g b 000 0 ara d
017 ## - رقم الايداع القانونى
رقم الايداع القانونى 2013/21739
المصدر ( الهيئة المختصة) مصر . دار الكتب المصرية
020 ## - الرقم الدولى المعيارى للكتب
الرقم الدولى المعيارى للكتاب 9789774485855
040 ## - مصدر الفهرسة
وكالة الفهرسة الأصلية EG-CaGPL
082 04 - رقم تصنيف ديوى العشرى
رقم الطبعة 21
رقم التصنيف 571.8 \
رقم المادة د أ
100 1# - المدخل الرئيسى - إسم شخصى
الإسم الشخصى دوكنز ، ريتشارد
الدور مؤلف
245 10 - بيان العنوان
العنوان اعظم استعراض فوق الارض :
بقية العنوان ادلة التطور /
بيان المسئوليه,etc تأليف ريتشارد دوكنز ؛ ترجمة مصطفى ابراهيم فهمي .
250 ## - بيان الطبعة
بيان الطبعة ط 1
260 ## - PUBLICATION, DISTRIBUTION, ETC. (IMPRINT)
تاريخ النشر أو التوزيع 2014 .
300 ## - الوصف المادى
التعداد 2ج :
تفاصيل ماديه اخرى للوعاء صور؛
أبعاد الوعاء 24 .
490 0# - بيان السلسلة
عنوان السلسلة المركز القومي للترجمة ؛
رقم المجلد/ التعيين التسلسلي 1823
504 ## - تبصرة ببليوجرافية
تبصرة ببليوجرافية,الخ يشتمل علي ارجاعات ببلوجرافية
650 07 - المدخل الاضافى بالموضوع-مصطلح موضوعى
مصطلح موضوعي الكائنات الحية
650 07 - المدخل الاضافى بالموضوع-مصطلح موضوعى
مصطلح موضوعي اصل الحياة
650 07 - المدخل الاضافى بالموضوع-مصطلح موضوعى
مصطلح موضوعي الاحياء الدقيقة
650 07 - المدخل الاضافى بالموضوع-مصطلح موضوعى
مصطلح موضوعي تكاثر الحيوان
650 07 - المدخل الاضافى بالموضوع-مصطلح موضوعى
مصطلح موضوعي الحيوان
التقسيم الفرعي العام فسيولوجيا
650 07 - المدخل الاضافى بالموضوع-مصطلح موضوعى
مصطلح موضوعي الاسماك
650 07 - المدخل الاضافى بالموضوع-مصطلح موضوعى
مصطلح موضوعي البرمائيات
650 07 - المدخل الاضافى بالموضوع-مصطلح موضوعى
مصطلح موضوعي الحشرات
650 07 - المدخل الاضافى بالموضوع-مصطلح موضوعى
مصطلح موضوعي قانون الجاذبية
650 07 - المدخل الاضافى بالموضوع-مصطلح موضوعى
مصطلح موضوعي اللافقاريات
700 0# - المدخل الاضافى - اسم شخصى
الإسم الشخصى مصطفى ابراهيم فهمي
الدور مترجم
942 ## - عناصر المدخل الإضافي( كوها)
مصدر التصنيف او مخطط الترفيف Dewey Decimal Classification
Koha [default] item type كتاب
260 ## - PUBLICATION, DISTRIBUTION, ETC. (IMPRINT)
-- القاهرة :
-- المركز القومي للترجمة ،
Holdings
حالة التراجع حالة الفقد حالة تلف ليس للاعارة المكان المؤقت الموقع الحالى موقع الترفيف تاريخ الاكتساب اجمالي اﻻعارات رقم الطلب الباركود تاريخ اخر مشاهدة تاريخ تفعيل السعر نوع وعاء كوها
        مكتبة القاهرة الكبرى مكتبة القاهرة الكبرى القاعة الرئيسية 09/26/2017   571.8 \ د أ ( ج 1 ) 163391 09/26/2017 09/26/2017 كتاب
        مكتبة القاهرة الكبرى مكتبة القاهرة الكبرى القاعة الرئيسية 09/26/2017   571.8 \ د أ ( ج 2 ) 163392 09/26/2017 09/26/2017 كتاب

Powered By

EGPV